| 000 | 00892nam a22002177a 4500 | ||
|---|---|---|---|
| 999 |
_c16798 _d16798 |
||
| 003 | AR-CdUCM | ||
| 008 | 190506b ||||| |||| 00| 0 spa d | ||
| 040 |
_aMUNICIPALIDAD PROVINCIAL DEL CUSCO _cBIBLIOTECA MUNICIPAL DEL CUSCO |
||
| 082 |
_a614 / _bB78 |
||
| 100 |
_aBowers, John Z. _936467 |
||
| 245 |
_aEscuelas de salud publica : _bPresente y futuro / |
||
| 260 |
_aBarcelona : _bEl Ateneo, _c1976. |
||
| 300 |
_a174 paginas ; _c21 cm. |
||
| 505 | _aContenido :Evolución de las escuelas de salud publica en los Estados Unidos a partir de la segunda guerra mundial --Relación de organización de las escuelas de salud publica --Nuevos enfoques en las escuelas de la salud publica ... | ||
| 650 |
_aSalud publica _96404 |
||
| 650 |
_aEvolución _97012 |
||
| 650 |
_aNuevos enfoques _936468 |
||
| 700 |
_aElizabeth F.Purcell _936469 |
||
| 942 |
_2ddc _cLIBROS |
||
| 945 |
_arjall _d2019-05-06 |
||